000 00409nam a2200133Ia 4500
003 GCL
008 140319s9999 xx 000 0 ara d
040 _aGCL /
_cGCL
082 0 4 _a927.8
_bك م
100 1 _aكمال النجمى
245 1 0 _aمحمد عبدالوهاب مطرب المائة عام /
_cكمال النجمى
300 _a223 ص
490 _aالهيئة العامة للاستعلامات
_v0
999 _c48252
_d48252